00387nam a2200145Ia 4500008004100000020001800041041000800059082001900067100001500086245005100101260002600152300003100178365001700209700001500226230718s9999 xx 000 0 und d a81-7800-047-4 aeng a621.382'2bRAJ aRajan E.G. aSymbolic Computing Signal And Image Processing c2003bBS Publications a393dRef 1670 E ME (52902) cRs.b1495.00 aRajan E.G.